=LDR 00000nam 2200000 4500 =001 INLIS000000000006168 =005 20130612094329 =008 ***********************************Ind** =035 ##$$0010-061300000006168 =041 ##$$a Ind =082 ##$$a 2x2.1 =090 ##$$a 2x2.1, Mud i =100 ##$$a Mudasir, H =245 ##$$a Ilmu hadits untuk IAIN, H. Mudasir =260 ##$$a [19-?] $b Bandung =300 ##$$a 280 hlm., 21 cm =650 ##$$a Hadits =850 ##$$a NBPNMAT